00825nam a22002297a 450000500170000001000150001702000270003203500140005903700130007308200110008610000250009724501060012226000390022827000450026730000270031250000220033950000500036170000160041194200250042799900190045295201240047120180808153107.0 aENG-123694 a9789352872794c1450.00 aEN-107226 bDBAD/PUB a378.54 aJandhyala B.G. Tilak aDilemmas in reforming higher education in india /cby Jandhyala B.G. Tilak; foreworded by Yogesh Atal aHyderabad bOrient BlackSwanc2018 a3-6-752 Himayatnagar bHyderabade500029 axxxiii,518p.c23cm(Hb) aIt includes index aThe collected writing of Jandhyala B.G. Tilak aYogesh Atal 2ddccENh378.54mJAN c155663d155663 001040718NFICaDBADbLd2018-08-08eDBAD/PUBg1450.00l0o378.54 JANpEN-107226r2018-08-08 00:00:00t1v1450.00yEN